banner koha

Epocas de adubacao nitrogenada em cobertura na producao do morangueiro (Fragaia x ananassa Duch) (Registro n. 317698)

MARC details
000 -LÍDER
campo de controle de tamanho fixo 01381naa a22003137a 4500
001 - NÚMERO DE CONTROLE
campo de controle BR8601886
003 - IDENTIFICADOR DO NÚMERO DE CONTROLE
campo de controle BR-BrBNA
005 - DATA E HORÁRIO DA ÚLTIMA TRANSAÇÃO
campo de controle 20240918175652.0
007 - CAMPO FIXO DE DESCRIÇÃO FÍSICA--INFORMAÇÃO GERAL
campo de controle de tamanho fixo ta
008 - CAMPO DE DADOS FIXOS--INFORMAÇÃO GERAL
campo de controle de tamanho fixo 230509b bl.||||| |||| 00| 0 por d
040 ## - FONTE DA CATALOGAÇÃO
Instituição da catalogação original BR-BrBNA
Idioma da catalogação por
Instituição que transcreveu o registro Biblioteca Nacional de Agricultura
041 ## - CÓDIGO DE IDIOMA
Código do idioma do texto/trilha sonora ou título diferente (Pt)
072 ## - CÓDIGO DE CATEGORIA DE ASSUNTO
Código de Categoria de Assunto F04
Código do objeto 0960
-- 3820
090 ## - NÚMERO DE CHAMADA LOCAL
Número de chamada F04 BR8601886
100 1# - ENTRADA PRINCIPAL--NOME PESSOAL
Nome pessoal Ellwanger, R.M.
100 1# - ENTRADA PRINCIPAL--NOME PESSOAL
Nome pessoal Barros, I. de
111 1# - ENTRADA PRINCIPAL--NOME DO EVENTO
Nome do evento ou lugar 1. e 2. Reuniao Tecnica Anual de Hortalicas
Local do evento Porto Alegre, RS (Brazil); Rio Grande, RS (Brazil)
Data do evento ou assinatura do tratado 26-29 May 1983; 16-19 Oct 1984
245 1# - TÍTULO
Título Epocas de adubacao nitrogenada em cobertura na producao do morangueiro (Fragaia x ananassa Duch)
246 1# - FORMA VARIANTE DO TÍTULO
Título/título abreviado [Nitrogen fertilization times in covering on the production of strawberry (Fragaia x ananassa Duch)]
246 1# - FORMA VARIANTE DO TÍTULO
Título/título abreviado [Proceedings of the 1. and 2. Technical Yearly Meeting on Vegetables 1983 and 1984]
260 3# - PUBLICAÇÃO, DISTRIBUIÇÃO, ETC.
Local de publicação, distribuição, etc. Porto Alegre, RS (Brasil):
Data da publicação, distribuição, etc. 1985.
500 ## - NOTA GERAL
Nota geral Ata da 1. e 2. Reuniao Tecnica Anual de Hortalicas 1983 e 1984<br/>Porto Alegre, RS (Brasil): 1985. p. 26-28<br/>(BR8601886-AM)F04<br/>
650 ## - ASSUNTO--TERMO TÓPICO
Cabeçalho tópico ou nome geográfico MORANGO
650 ## - ASSUNTO--TERMO TÓPICO
Cabeçalho tópico ou nome geográfico FERTILIZANTE NITROGENADO
650 ## - ASSUNTO--TERMO TÓPICO
Cabeçalho tópico ou nome geográfico ADUBACAO DE COBERTURA
773 0# - ENTRADA ANALÍTICA
Título Ata da 1. e 2. Reuniao Tecnica Anual de Hortalicas 1983 e 1984
Número de controle do registro F04 BR8601886
Partes relacionadas Porto Alegre, RS (Brasil), 1985. p. 26-28
909 ## -
-- 202404
-- Lucia
-- 55
-- Lucia Elande
942 ## - ELEMENTOS DE ENTRADA ADICIONADOS (KOHA)
Tipo de material Koha Capítulo-Livro
Fonte da classificação ou esquema de arquivamento na estante Classificação AGRIS
Exemplares
Situação do descarte Fonte da classificação ou esquema de arquivamento na estante Situação física Não pode ser emprestado Coleção Biblioteca de origem Biblioteca atual Localização na estante Total de empréstimos Número de telefone completo Data de último acesso Número do exemplar Tipo de material Koha Situação das perdas Data de aquisição Fonte de aquisição
  Classificação AGRIS       Biblioteca Nacional de Agricultura - Binagri Biblioteca Nacional de Agricultura - Binagri Agrobase - Acervo Geral   1300 BR8601872 20/05/2024 01 Capítulo-Livro   2024-04-11 Portaria Interministerial nº 164/94

BINAGRI

Telefone: (61)3218-2567/2388/3357/2097 - binagri@agro.gov.br

Ministério da Agricultura e Pecuária , Esplanada dos Ministérios, Bloco D, Anexo B, Brasília/DF, CEP: 70.043-900